000 01014nam a2200277 i 4500
001 8522
003 ES-MaACL
005 20240509102003.0
007 t|
008 920710s1991 sp ||||1| spa d
020 _a84-7658-306-0
080 _a86(Hierro,J.1.06)
245 0 0 _aJosé Hierro
_b: Premio Nacional de las Letras Españolas 1990 /
_c[Dónoan... et al.].
250 _a[1ª ed.].
260 _aBarcelona :
_bAnthropos ;
_aMadrid :
_bMinisterio de Cultura, Centro de las Letras Españolas,
_c1991.
300 _a134 p. :
_bil. ;
_c20 cm.
490 1 _aAmbitos literarios. Premios nacionales de las letras españolas ;
_v7
504 _aBibliogr.: p. 133-137.
600 1 7 _aHierro, José,
_d1922-2002
_2embne
_963619
700 1 _aDónoan.
_945331
710 1 _aCentro de las Letras Españolas.
_92712
830 0 _aAmbitos literarios.
_pPremios nacionales de las letras españolas ;
_v7
_9177491
852 _aES-MaACL
_jL-15963
_bR.119891
942 _2udc
999 _c8522
_d8522